| 000 | 00554nam a22001457a 4500 | ||
|---|---|---|---|
| 008 | 230622b |||||||| |||| 00| 0 eng d | ||
| 040 |
_aNational Science Library _cNational Science Library |
||
| 080 |
_a627.11(063) _bK3 |
||
| 245 |
_aWater resources development in Asia and the far east _c/ Proceedings of the fifth regional conference on water.............................20 to 26 November, 1962 |
||
| 260 |
_aNew York: _bUnited Nations, _c1963 |
||
| 300 | _avii, 208p. | ||
| 490 | _aWater resources series | ||
| 650 | _aProceedings | ||
| 942 |
_2udc _cPR |
||
| 999 |
_c46370 _d46370 |
||